000 00674nam a2200289Ia 4500
005 20260324124816.0
008 008 260324s9999 xx 000 0 eng d
020 _a9781315094359
037 _aEBOOK
040 _aCRL
040 _beng
040 _cCRL
041 _2eng
041 _aeng
084 _qCRL
100 _aDonald C. Menzel
_91175569
245 0 _aEthics Moments in Government
245 0 _bCases and Controversies
260 _bTaylor and Francis
260 _c2010
365 _a
365 _b120
856 _uhttp://www.taylorfrancis.com/books/9781315094359
942 _cEBOOK
999 _c1770299
_d1770299